00413nam a2200121Ia 4500082001400000245011500014260006100129300001400190650001900204650001300223700002000236710003500256 a954 INT-C 0aCentral Asia-India dialogue: building a partnership on the foundation of rich cultural and historical heritage aTashkentbLal Bahadur Shastri Center for India Culc2008 a1xii, 312 aWorld Politics aIndology aBakshi, Jyotsna aInternational indology seminar